[Event "BCF-chT3 0910 (4NCL)"]
[Site "England"]
[Date "2010.03.28"]
[Round "8.3"]
[White "Terry, Sean"]
[Black "Kalid, Raphael"]
[Result "1-0"]
[WhiteElo "1867"]
[BlackElo "1786"]
[PlyCount "81"]
[EventDate "2009.10.24"]
[EventType "team-tourn"]
[EventRounds "11"]
[EventCountry "ENG"]
[SourceTitle "EXT 2011"]
[Source "ChessBase"]
[SourceDate "2010.11.26"]
[SourceVersion "1"]
[SourceVersionDate "2010.11.26"]
[SourceQuality "1"]
[WhiteTeam "Oxford III"]
[BlackTeam "KJCA Knights"]
[WhiteTeamCountry "ENG"]
[BlackTeamCountry "ENG"]

1. d4 f5 2. Bg5 g6 3. h4 Bg7 4. c3 Nf6 5. Nd2 Ne4 6. Bf4 h6 7. f3 Nf6 8. e4 d6 9. Bd3 e5 10. Be3 f4 11. Bf2 Nh5 12. Ne2 Be6 13. Bc4 Bxc4 14. Nxc4 b5 15. Na3 c6 16. Qb3 Qe7 17. Nxb5 Na6 18. Qa4 Nc7 19. Nxc7+ Qxc7 20. Qc4 Ke7 21. dxe5 Bxe5 22. Nd4 Bxd4 23. Bxd4 Rhe8 24. 0-0-0 Rab8 25. e5 d5 26. Qc5+ Ke6 27. c4 Rec8 28. Bc3 Kf5 29. e6 Kxe6 30. cxd5+ cxd5 31. Rhe1+ Kf7 32. Qxd5+ Kf8 33. Qd4 Qh7 34. Qd6+ Kg8 35. Re7 Ng7 36. Qd7 Kh8 37. Rd3 Qg8 38. Kb1 Rxc3 39. Rxc3 Nf5 40. Rf7 Nxh4 41. Qd4+ 1-0

[Event "BCF-chT3 0910 (4NCL)"]
[Site "England"]
[Date "2010.03.27"]
[Round "7.3"]
[White "Kalid, Raphael"]
[Black "Clarke, Sean A"]
[Result "1-0"]
[WhiteElo "1786"]
[BlackElo "1786"]
[PlyCount "143"]
[EventDate "2009.10.24"]
[EventType "team-tourn"]
[EventRounds "11"]
[EventCountry "ENG"]
[SourceTitle "EXT 2011"]
[Source "ChessBase"]
[SourceDate "2010.11.26"]
[SourceVersion "1"]
[SourceVersionDate "2010.11.26"]
[SourceQuality "1"]
[WhiteTeam "KJCA Knights"]
[BlackTeam "Southern Counties Stars"]
[WhiteTeamCountry "ENG"]
[BlackTeamCountry "ENG"]

1. e4 c5 2. Nc3 Nc6 3. f4 g6 4. Nf3 Bg7 5. Bc4 e6 6. 0-0 a6 7. d3 Nd4 8. f5 b5 9. Bb3 Bb7 10. Nxd4 Bxd4+ 11. Kh1 Qc7 12. Bf4 Be5 13. fxe6 fxe6 14. Qf3 0-0-0 15. Bg5 h6 16. Bxd8 Qxd8 17. Qf8 Nf6 18. Qxc5+ Qc7 19. Qxc7+ Kxc7 20. Rae1 Bd4 21. Nd1 Nh5 22. c3 Bb6 23. Rf7 e5 24. g3 Kd6 25. Ne3 Bd8 26. Ref1 Rg8 27. Rxd7+ Kxd7 28. Bxg8 Nf6 29. Bd5 Bc8 30. Bf7 g5 31. Bg6 Bb7 32. Bf5+ Kd6 33. Kg2 h5 34. Rc1 Bb6 35. Nf1 Ne8 36. Nd2 Be3 37. Rd1 Ng7 38. Bh7 Bc8 39. h3 h4 40. gxh4 gxh4 41. Nf3 Ne6 42. Bf5 Nf4+ 43. Kh2 Bxf5 44. exf5 Bf2 45. Ng5 Bg3+ 46. Kh1 Ke7 47. d4 Kf6 48. Ne4+ Kxf5 49. Nxg3+ hxg3 50. dxe5 Kxe5 51. Rd8 Nxh3 52. Kg2 Ng5 53. Kxg3 Ne4+ 54. Kf3 Nc5 55. b3 Ke6 56. Ke3 Ke7 57. Rd5 Ne6 58. Ke4 Nc7 59. Rd2 Ke6 60. Rd1 Ne8 61. Kd4 Kd6 62. a3 Nc7 63. b4 Ne6+ 64. Ke4+ Kc6 65. Ke5 Nc7 66. Rd6+ Kb7 67. Kd4 Ne8 68. Rh6 Nc7 69. Kc5 Ka7 70. Kc6 Na8 71. Rh7+ Kb8 72. Rf7 1-0